Statistics for Top 20 Baseball Career Home Runs - Current Players

Click here to take the quiz!

General Stats

  • This quiz has been taken 28 times
  • The average score is 10 of 20

Answer Stats

homersplayer% Correct
683Albert Pujols
96%
334Mike Trout
92%
368Giancarlo Stanton
85%
505Miguel Cabrera
85%
282Bryce Harper
77%
457Nelson Cruz
73%
281Freddie Freeman
62%
299Paul Goldschmidt
58%
273Anthony Rizzo
54%
286Nolan Arenado
54%
337Joey Votto
42%
335Robinson Canó
42%
274Julio "JD" Martinez
38%
265Manny Machado
38%
238José Abreu
31%
260Josh Donaldson
31%
277Andrew McCutchen
27%
325Evan Longoria
23%
325Justin Upton
15%
264Carlos Santana
8%

Score Distribution

Percentile by Number Answered

Percent of People with Each Score

Your Score History

You have not taken this quiz